000 01133nam a2200337 a 4500
001 000046153
003 DO-SdBNP
005 20240610133326.0
007 ta
008 150629s2011 dr 000 0 spa d
020 _a9789945466225
040 _aDO-SdBNP
_bspa
_cBNPHU
041 1 7 _aspa
_2eng
082 4 _aRD861.5
_bS684m
_222
100 1 _aSolano, Vielka,
_d1960-
_974198
245 1 0 _aMujer de carne y verso = A woman of flesh and verse /
_cVielka Solano ; editor Tomás Castro Burdiez; traducción Joni Radcliff.
246 1 3 _aA woman of flesh and verse
250 _a2a. ed.
260 _aSanto Domingo :
_bEducarte,
_c2011.
300 _a224 p. ;
_c21 cm.
500 _aIncluye datos biográficos de la autora en la solapas de las cubiertas.
500 _aTexto en ingles y español
546 _aTexto en inglés y español.
590 _aInventariado, 2022/MFF
650 4 _aPoesía dominicana
650 4 _aLiteratura dominicana
700 1 _aRadcliff, Joni,
_etraducción
_974199
700 _aCastro, Tomás,
_d1959-
_eedición
_924641
910 _aValidado. Control de calidad MFF
942 _2ddc
_cLBS1
999 _c45642
_d45642